Normal view
MARC view
- Hina Zafar
Entry Personal Name
001 - CONTROL NUMBER
- control field: 92317
003 - CONTROL NUMBER IDENTIFIER
- control field: NUST
005 - DATE AND TIME OF LATEST TRANSACTION
- control field: 20220703101711.0
008 - FIXED-LENGTH DATA ELEMENTS
- fixed length control field: 220703|| aca||aabn | a|a d
040 ## - CATALOGING SOURCE
- Original cataloging agency: NUST
- Transcribing agency: NUST
100 ## - HEADING--PERSONAL NAME
- Personal name: Hina Zafar
670 ## - SOURCE DATA FOUND
- Source citation: Work cat.: (NUST)10601: Hina Zafar, Trusted Mobile Phone Applications on the cloud, 2011
